[Event "Regionalliga NW9899"]
[Site "Bayern"]
[Date "1999.??.??"]
[Round "?"]
[White "Jahrsdoerfer, Gerd"]
[Black "Bucka, Reinhard"]
[Result "1/2-1/2"]
[WhiteElo "2040"]
[BlackElo "2135"]

1.e4 c5 2.c3 Nf6 3.e5 Nd5 4.d4 cxd4 5.Nf3 Nc6 6.Bc4 Nb6 7.Bb3 d6 8.exd6 Qxd6
9.O-O Bf5 10.Nxd4 Nxd4 11.cxd4 e6 12.Qf3 Bxb1 13.Rxb1 Nd5 14.Re1 Be7 15.Ba4+ Kf8
16.Re4 Bf6 17.Bb3 Rd8 18.Bf4 Nxf4 19.Rxf4 Qc7 20.Rd1 h5 21.d5 exd5 22.Bxd5 Rh6
23.Rf5 h4 24.Re1 b6 25.Qe4 Qd6 26.Bc6 Qe7 27.Qxe7+ Bxe7 28.Rfe5 Re6 29.Rxe6 fxe6
30.g3 hxg3 31.hxg3 Rd2 32.f4 Rxb2 33.a4 Bc5+ 34.Kh1 Bf2 35.Rxe6 Bxg3 36.f5 Rf2
37.Re8+ Kf7 38.Ra8 Rxf5 39.Rxa7+ Kf6 40.Be8 Rg5 41.Rb7 Re5 42.Rf7+ Ke6  1/2-1/2

[Event "Regionalliga SW9899"]
[Site "Bayern"]
[Date "1999.??.??"]
[Round "?"]
[White "Hittinger, Christian"]
[Black "Kampen, Hans"]
[Result "0-1"]
[WhiteElo "2015"]
[BlackElo "2015"]

1.e4 c5 2.c3 Nf6 3.e5 Nd5 4.d4 e6 5.a3 cxd4 6.cxd4 d6 7.Nf3 Nc6 8.Bd3 dxe5
9.Nxe5 Nxe5 10.dxe5 Bd7 11.O-O Rc8 12.Bd2 Bc6 13.Qe2 Be7 14.Nc3 Nxc3 15.Bxc3 Bc5
16.Rad1 Qg5 17.Be4 O-O 18.Bxc6 Rxc6 19.Rd7 Qf5 20.Rfd1 b5 21.g4 Qf4 22.Bd2 Bxf2+
23.Qxf2 Qxg4+ 24.Qg2 Qxd1+ 25.Kf2 Rc2 26.Ke3 Rxb2 27.Qc6 Rb3+ 28.Kf2 Qg4
29.Rxa7 Qd4+  0-1

[Event "Regionalliga SO9899"]
[Site "Bayern"]
[Date "1999.??.??"]
[Round "?"]
[White "Fruehauf, Norbert"]
[Black "Schlosser, Andre"]
[Result "0-1"]
[WhiteElo "1830"]
[BlackElo "2145"]

1.e4 c5 2.c3 Nf6 3.e5 Nd5 4.d4 cxd4 5.cxd4 e6 6.Nf3 b6 7.Nc3 Bb7 8.Bd3 Be7
9.Bd2 f5 10.exf6 Bxf6 11.Ne5 Qe7 12.Qh5+ g6 13.Bxg6+ hxg6 14.Qxg6+ Kf8 15.Ne4 Bxe5
16.dxe5 Qg7 17.Qxg7+ Kxg7 18.Nd6 Ba6 19.f4 Nc6 20.Kf2 Raf8 21.g3 Nxe5 22.Bc3 Nxc3
23.bxc3 Nc4 24.Rad1 Nxd6 25.Rxd6 Bb5 26.h4 Rc8 27.Rc1 Rh5 28.c4 Kf6 29.Ke3 Ke7
30.Rd4 d5  0-1

[Event "Landesliga Sued 9899"]
[Site "Bayern"]
[Date "1999.??.??"]
[Round "?"]
[White "Riediger, Martin"]
[Black "Schmidt, Wolfgang"]
[Result "1/2-1/2"]
[WhiteElo "2220"]
[BlackElo "2340"]

1.e4 c5 2.c3 Nf6 3.e5 Nd5 4.d4 cxd4 5.Nf3 d6 6.cxd4 Nc6 7.Nc3 dxe5 8.dxe5 Ndb4
9.a3 Qxd1+ 10.Kxd1 Na6 11.Bxa6 bxa6 12.Bf4 Bg4 13.Ke2 Nd4+ 14.Kd3 Nxf3 15.gxf3 Bxf3
16.Rhc1 g5 17.Bxg5 Rg8 18.Bf4 Rg6 19.Ke3 Bc6 20.Ne2 Bh6 21.Bxh6 Rxh6 22.Nf4 Rb8
23.b4 Rb5  1/2-1/2

[Event "Bled opB"]
[Site "Bled"]
[Date "1999.??.??"]
[Round "?"]
[White "Mikac, Tomaz"]
[Black "Gruskovnjak, Tomislav"]
[Result "0-1"]
[WhiteElo "2188"]
[BlackElo "2222"]

1.e4 c5 2.c3 Nf6 3.d3 e6 4.Nf3 d5 5.Nbd2 Nc6 6.Be2 Be7 7.O-O O-O 8.Re1 Qc7
9.a3 Rd8 10.Qc2 b6 11.b3 Ba6 12.Bb2 dxe4 13.dxe4 Bxe2 14.Rxe2 Ng4 15.Nf1 c4
16.b4 Nce5 17.Nd4 Nd3 18.g3 Bf6 19.h3 Nxb2 20.hxg4 Nd3 21.Nf3 h6 22.Rd2 Rd7
23.Rad1 Rad8 24.Ne1 Qe5 25.Ne3 Nxe1 26.Rxd7 Nxc2 27.Rxd8+ Bxd8 28.Rxd8+ Kh7
29.Nxc2 Qxc3 30.Ne3 Qxa3 31.Nxc4 Qc1+  0-1

[Event "BRA-ch66 sf2"]
[Site "BRA"]
[Date "1999.??.??"]
[Round "6"]
[White "Matsuura, Everaldo"]
[Black "Rocha, Wellington Carlos"]
[Result "1-0"]
[WhiteElo "2380"]
[BlackElo "2324"]

1.e4 c5 2.c3 Nf6 3.e5 Nd5 4.d4 cxd4 5.Nf3 e6 6.cxd4 b6 7.Nc3 Nxc3 8.bxc3 Qc7
9.Bd2 Bb7 10.Bd3 d6 11.O-O Nd7 12.Ng5 dxe5 13.Qh5 g6 14.Qh3 Be7 15.Rae1 Bd5
16.f4 exd4 17.cxd4 Bc4 18.f5 gxf5 19.Qh5 Bxg5 20.Bxg5 Qd6 21.Rxf5 Rf8 22.Bxc4 Qxd4+
23.Kh1 Qxc4 24.Bh6 Ke7 25.Bxf8+ Rxf8 26.Rf2 Nc5 27.Qe5 Nd7 28.Qg7 Qh4 29.Ref1 Qh5
30.Rd2 Qb5 31.Rfd1 Nf6 32.Qg3 Rc8 33.Qd6+ Ke8 34.Rc2 Ra8 35.Rc7 Nd5 36.a4 Rd8
37.Re7+  1-0

[Event "Burgas op-8"]
[Site "Burgas"]
[Date "1999.??.??"]
[Round "9"]
[White "Glavina Rossi, Pablo"]
[Black "Gomez Esteban, Juan Mario"]
[Result "1-0"]
[WhiteElo "2425"]
[BlackElo "2475"]

1.e4 c5 2.c3 Nf6 3.e5 Nd5 4.Nf3 d6 5.Bc4 e6 6.O-O dxe5 7.Nxe5 Be7 8.d4 cxd4
9.cxd4 O-O 10.Nc3 Nc6 11.Bxd5 exd5 12.Nxc6 bxc6 13.Bf4 Re8 14.Re1 Bd7 15.Qd3 Qa5
16.a3 Bf8 17.Be5 f6 18.b4 Qb6 19.Bf4 Rxe1+ 20.Rxe1 Re8 21.Rxe8 Bxe8 22.Na4 Qd8
23.Qc3 Qe7 24.h3 g5 25.Bg3 h5 26.h4 Qe2 27.Kh2 Bh6 28.Nc5 gxh4 29.Bxh4 Bf4+
30.Bg3 Bd2 31.Qb3 Bg5 32.f4 Bh6 33.f5 Qf1 34.b5 Qxb5 35.Qd1 Bf7 36.Qe1 Qb2
37.Qe7 Qxd4 38.Ne6 Qg4 39.Qxf6 Bxe6 40.fxe6 Qg7 41.Qd8+ Kh7 42.e7 Bg5 43.e8=Q Bxd8
44.Qxd8 d4 45.Qd6  1-0

[Event "CUB-ch U20 Girls"]
[Site "Camaguey"]
[Date "1999.??.??"]
[Round "2"]
[White "Linares, Olennis"]
[Black "Collazo, Niala"]
[Result "1/2-1/2"]
[WhiteElo "2205"]
[BlackElo "2120"]

1.e4 c5 2.c3 Nf6 3.e5 Nd5 4.d4 e6 5.Nf3 cxd4 6.cxd4 Qc7 7.a3 b6 8.Bd3 Bb7
9.O-O d6 10.Bd2 Nd7 11.Qe2 Rc8 12.Nc3 Nxc3 13.Bxc3 Be7 14.Rac1 O-O 15.Rfe1 Qb8
16.Bb1 Rfd8 17.h4 dxe5 18.Nxe5 Nxe5 19.dxe5 Qa8 20.Qg4 Bd5 21.Bd2 Rxc1 22.Bxc1 Rc8
23.Bh6 g6 24.Bd3 Bf8 25.Bg5 h5 26.Qg3 Qb7 27.f4 Qd7 28.Kh2 Bg7 29.Rd1 Qa4
30.Rd2 Qb3 31.Bf6 Bh6  1/2-1/2

[Event "Cannes op"]
[Site "Cannes"]
[Date "1999.??.??"]
[Round "1"]
[White "Guido, Flavio"]
[Black "Muller, Anne"]
[Result "1/2-1/2"]
[WhiteElo "2356"]
[BlackElo "2110"]

1.e4 c5 2.c3 Nf6 3.e5 Nd5 4.d4 cxd4 5.Nf3 Nc6 6.Bc4 Nb6 7.Bb3 d6 8.exd6 Qxd6
9.O-O Be6 10.Na3 Bxb3 11.Qxb3 e6 12.Nb5 Qd8 13.Rd1 Be7 14.Nbxd4 Nxd4 15.Rxd4 Qc8
16.Bg5 Qc5 17.Bxe7 Kxe7 18.a4 a5 19.Re1 Rhd8 20.Re5 Qc6 21.Rb5 Rxd4 22.Nxd4 Qe4
23.g3 Nd5 24.Rxb7+ Kf6 25.Rd7 Qe1+ 26.Kg2 Qe4+ 27.Nf3 g5 28.h3 h5 29.Qd1 g4
30.hxg4 hxg4 31.Qd4+ Qxd4 32.Nxd4 Nb6 33.Rb7 Nxa4 34.Rb5 e5 35.Nc6 Ke6 36.Nxe5 Nxb2
37.Nxg4 Nc4 38.Rc5 Nb2 39.Re5+ Kd6 40.Re2 Nc4 41.Ra2 a4 42.Kf3 Ne5+ 43.Nxe5 Kxe5
44.Ke3 Kd5 45.Kd3 a3 46.Kc2 Kc4 47.f3 Ra6 48.Ra1 a2 49.f4 Ra3 50.Kb2 Rxc3
51.Rxa2 Rxg3 52.Ra6 Rg4 53.Rf6 Kd5 54.Kc3 Ke4  1/2-1/2

[Event "Cannes op"]
[Site "Cannes"]
[Date "1999.??.??"]
[Round "5"]
[White "Guido, Flavio"]
[Black "Rouchouse, Stevens"]
[Result "1-0"]
[WhiteElo "2356"]
[BlackElo "2201"]

1.e4 c5 2.c3 Nf6 3.e5 Nd5 4.d4 cxd4 5.Nf3 e6 6.cxd4 d6 7.Bc4 Nc6 8.O-O Be7
9.Qe2 O-O 10.Nc3 Nxc3 11.bxc3 dxe5 12.dxe5 Qa5 13.Bd3 Qa4 14.Bc2 Qg4 15.Bxh7+ Kh8
16.Bc2 f6 17.Re1 Qh5 18.Rb1 Kg8 19.Bf4 f5 20.Ba4 Na5 21.Rbd1 Qg4 22.g3 b6
23.Ng5 Qxe2 24.Rxe2 Ba6 25.Ree1 Bc4 26.a3 Bd5 27.Bd7 Nb7 28.Nxe6  1-0

[Event "Ceske Budejovice op"]
[Site "Ceske Budejovice"]
[Date "1999.??.??"]
[Round "6"]
[White "Blazkova, Petra"]
[Black "Vacek, Radomir"]
[Result "1-0"]
[WhiteElo "2245"]
[BlackElo "2195"]

1.e4 c5 2.c3 Nf6 3.e5 Nd5 4.d4 cxd4 5.Nf3 e6 6.cxd4 b6 7.Nc3 Nxc3 8.bxc3 Qc7
9.Bd2 Ba6 10.Bxa6 Nxa6 11.Ng5 Qb7 12.O-O Be7 13.Qh5 Bxg5 14.Bxg5 Rc8 15.Rac1 Qe4
16.Rfe1 Qf5 17.Qh4 h6 18.Bd2 Qd3 19.Rcd1 b5 20.Qg4 Qg6 21.Qf3 Rc6 22.Re4 Nc7
23.Rg4 Qh7 24.Qg3 Qc2 25.Qf3 Qh7 26.a4 a6 27.axb5 axb5 28.h3 g5 29.Ra1 Qf5
30.Qd1 f6 31.exf6 Rf8 32.Rg3 Rxf6 33.Rf3 Qg6 34.Rxf6 Qxf6 35.Qh5+ Kf8 36.h4 Kg8
37.hxg5 hxg5 38.Bxg5 Qf5 39.Qh6 Rxc3 40.Bf6 Qh7 41.Qg5+ Kf7 42.Be5 Nd5 43.Qd8 Kg6
44.f4 Kf5 45.Qg5+ Ke4 46.f5 Qxf5 47.Qd2 Qg4 48.Re1+ Kf5 49.Rf1+ Ke4 50.Qe1+ Kd3
51.Rf3+ Kc4 52.Qe2+ Kb4 53.Qb2+ Kc4 54.Qa2+ Kb4 55.Bd6+  1-0

[Event "Clichy Evaluation 3"]
[Site "Clichy"]
[Date "1999.??.??"]
[Round "6"]
[White "Guilbert, H."]
[Black "Licayan, Albert"]
[Result "1/2-1/2"]
[WhiteElo "2030"]
[BlackElo "2130"]

1.e4 c5 2.c3 Nf6 3.e5 Nd5 4.d4 cxd4 5.Nf3 e6 6.cxd4 Nc6 7.Nc3 Nxc3 8.bxc3 d5
9.exd6 Bxd6 10.Bd3 h6 11.O-O O-O 12.Re1 Re8 13.Bc2 Bf8 14.Qd3 g6 15.h4 h5
16.Bg5 Be7 17.Re3 Bd7 18.Rae1 Bxg5 19.Nxg5 Ne7 20.d5 Nf5 21.dxe6 Bxe6 22.Qxd8 Raxd8
23.Bxf5 gxf5 24.Nxe6 fxe6 25.Rxe6 Rxe6 26.Rxe6 Rd1+ 27.Kh2 Rd2 28.Re7  1/2-1/2

[Event "Cologne KSV-ch"]
[Site "Cologne"]
[Date "1999.??.??"]
[Round "4"]
[White "Georgi, T."]
[Black "Kruett, M."]
[Result "1-0"]
[WhiteElo "1850"]
[BlackElo "1760"]

1.e4 c5 2.c3 Nf6 3.e5 Nd5 4.Bc4 Nb6 5.Bb3 Nc6 6.Nf3 d6 7.e6 fxe6 8.Qe2 d5
9.d4 c4 10.Bc2 g6 11.Ng5 Bh6 12.Nf7 Kxf7 13.Bxh6 Qd6 14.f4 Nd7 15.Nd2 Nf6
16.Nf3 Ke8 17.Ne5 Nxd4 18.cxd4 Qb4+ 19.Qd2 Qb6 20.O-O Nd7 21.Ba4 Qa6 22.Bxd7+ Bxd7
23.Bg5 Qb6 24.b3 cxb3 25.Rfb1 Qd6 26.Rxb3 Bc6 27.Bh6 a6 28.Rc1 Rc8 29.Rb6 Rg8
30.Qb2 Rh8 31.Nxc6 Rxc6 32.Rcxc6  1-0

[Event "Moravia-chT 9899"]
[Site "CZE"]
[Date "1999.??.??"]
[Round "6"]
[White "Sosna, Jan"]
[Black "Blazkova, Petra"]
[Result "1-0"]
[WhiteElo "2355"]
[BlackElo "2255"]

1.e4 c5 2.c3 Nf6 3.e5 Nd5 4.d4 cxd4 5.Nf3 g6 6.cxd4 Bg7 7.Nc3 Nxc3 8.bxc3 O-O
9.Bd3 d6 10.exd6 Qxd6 11.O-O Nc6 12.Re1 b6 13.a4 Bb7 14.Ba3 Qc7 15.Qe2 Rad8
16.Bb5 Bf6 17.Rad1 Qc8 18.d5 Na5 19.d6 exd6 20.Bxd6 Bxc3 21.Bxf8 Bxe1 22.Rxd8 Qxd8
23.Be7 Bxf3 24.gxf3 Qd2 25.Qe4 Qxf2+ 26.Kh1 h5 27.Qa8+ Kg7 28.Qf8+ Kh7 29.Qxf7+ Kh6
30.Bd3  1-0

[Event "Moravia-chT 9899"]
[Site "CZE"]
[Date "1999.??.??"]
[Round "9"]
[White "Hrabe, Petr"]
[Black "Piza, Vlastimil"]
[Result "1-0"]
[WhiteElo "2290"]
[BlackElo "2295"]

1.e4 c5 2.c3 Nf6 3.e5 Nd5 4.d4 cxd4 5.cxd4 Nc6 6.Nf3 d6 7.Bc4 Nb6 8.Bb5 dxe5
9.Nxe5 Bd7 10.Bxc6 Bxc6 11.Nxc6 bxc6 12.O-O e6 13.Qg4 h5 14.Qe4 Nd5 15.Bf4 Be7
16.Nc3 Rc8 17.Be5 Kf8 18.Rac1 Rh6 19.a3 Kg8 20.Rc2 f6 21.Bf4 f5 22.Qf3 Nxf4
23.Qxf4 Bd6 24.Qe3 Qh4 25.f4 g5 26.Ne2 Kf7 27.g3 gxf4 28.Nxf4 Qg5 29.Rfc1 Rg8
30.Rg2 h4 31.Rxc6 h3 32.Rxd6 hxg2 33.d5 e5 34.Qxa7+ Qe7 35.Rd7 Re8 36.Ne6  1-0

[Event "Moravia-chT 9899"]
[Site "CZE"]
[Date "1999.??.??"]
[Round "11"]
[White "Pakosta, Miroslav"]
[Black "Zimniok, Lubomir"]
[Result "1/2-1/2"]
[WhiteElo "2115"]
[BlackElo "2265"]

1.e4 c5 2.c3 Nf6 3.e5 Nd5 4.d4 d6 5.dxc5 dxc5 6.c4 Nc7 7.Qxd8+ Kxd8 8.g3 Nc6
9.f4 Bf5 10.Bg2 Nb4 11.Na3 Rb8 12.Be3 e6 13.b3 Kc8 14.Nf3 Be7 15.O-O Rd8
16.Rf2 a6 17.Rd2 Rd3 18.Rxd3 Bxd3 19.Nd2 f5 20.Bf1 Bxf1 21.Kxf1 Kd7 22.Ke2 Kc6
23.Nf3 Rd8 24.Ne1 a5 25.Nac2 b5 26.Bd2 a4 27.bxa4 bxc4 28.Ne3 Ra8 29.Bxb4 cxb4
30.Nxc4 Rxa4 31.Nb2 Ra6 32.Nc2 Nd5 33.Kd3 Kd7 34.Nc4 g5 35.fxg5 Bxg5 36.h4 Be7
37.a4 bxa3 38.N4xa3 Nb4+ 39.Ke2 Nc6 40.Rd1+ Ke8  1/2-1/2

[Event "Eger Agria op"]
[Site "Eger"]
[Date "1999.??.??"]
[Round "?"]
[White "Villard, Patrick"]
[Black "Kerek, Krisztian"]
[Result "0-1"]
[WhiteElo "2095"]
[BlackElo "2370"]

1.e4 c5 2.c3 Nf6 3.e5 Nd5 4.g3 d6 5.exd6 Qxd6 6.Bg2 Nc6 7.Na3 Bf5 8.Nb5 Qe5+
9.Qe2 Qxe2+ 10.Nxe2 O-O-O 11.d4 e6 12.Nf4 a6 13.Na3 cxd4 14.Nc4 Bc5 15.O-O dxc3
16.bxc3 Nxf4 17.Bxf4 Bd3 18.Bxc6 bxc6 19.Ne5 Bxf1 20.Kxf1 Rhf8 21.Rb1 g5
22.Bc1 Kc7 23.h4 f6 24.Ng4 h5 25.Ne3 gxh4  0-1

[Event "Elista"]
[Site "Elista"]
[Date "1999.??.??"]
[Round "6"]
[White "Kozak, Alexander"]
[Black "Umgaev, Alexander"]
[Result "1-0"]
[WhiteElo "2330"]
[BlackElo "2201"]

1.e4 c5 2.c3 Nf6 3.e5 Nd5 4.d4 e6 5.Nf3 cxd4 6.cxd4 d6 7.Bc4 Nc6 8.Qe2 Be7
9.O-O O-O 10.Qe4 Ndb4 11.Qg4 dxe5 12.dxe5 Nc2 13.Bh6 g6 14.Nc3 Nxa1 15.Rxa1 Qa5
16.Qf4 f5 17.Bxf8 Bxf8 18.Rd1 a6 19.Nd5 b5 20.Nf6+ Kh8 21.Ng5 bxc4 22.Nf7+  1-0

[Event "Cataluna Club op"]
[Site "ESP"]
[Date "1999.??.??"]
[Round "?"]
[White "Jerez Perez, Alfonso"]
[Black "Picanol Alamany, Antonio"]
[Result "1/2-1/2"]
[WhiteElo "2405"]
[BlackElo "2345"]

1.e4 c5 2.c3 Nf6 3.e5 Nd5 4.d4 cxd4 5.Nf3 Nc6 6.Bc4 Nb6 7.Bb3 d5 8.exd6 Qxd6
9.O-O Be6 10.Na3 a6 11.Ng5 Nd8 12.Nxe6 Nxe6 13.cxd4 Nc7 14.Qf3 Ncd5 15.Nc4 Nxc4
16.Bxc4 Rd8 17.Bg5 f6 18.Bh4 e6 19.Rfe1 Kf7 20.Re2 Qc6 21.Bb3 Bb4 22.Rc2 Qb6
23.Bg3 Rhe8 24.a3 Bf8 25.h3 Qb5 26.Re1 Rc8 27.Rec1 Rxc2 28.Rxc2 Rd8 29.Bxd5 Rxd5
30.Qe4 g6 31.Qh4 Rh5 32.Rc7+ Be7 33.Qf4 Rd5  1/2-1/2

[Event "Cataluna Club op"]
[Site "ESP"]
[Date "1999.??.??"]
[Round "?"]
[White "Nunez Lucero, Francesco Alex"]
[Black "Picanol Alamany, Antonio"]
[Result "0-1"]
[WhiteElo "2260"]
[BlackElo "2345"]

1.e4 c5 2.c3 Nf6 3.e5 Nd5 4.d4 cxd4 5.Nf3 e6 6.cxd4 b6 7.Nc3 Nxc3 8.bxc3 Qc7
9.Bd2 d6 10.Bd3 Nd7 11.O-O Bb7 12.Re1 dxe5 13.dxe5 Be7 14.Bf4 O-O 15.Re3 Rfd8
16.Ng5 g6 17.Qg4 Nf8 18.Ne4 Rxd3 19.Nf6+ Bxf6 20.exf6 Qd8  0-1

[Event "Cataluna-chT"]
[Site "ESP"]
[Date "1999.??.??"]
[Round "1"]
[White "Jerez Perez, Alfonso"]
[Black "Beltran Rueda, Santiago"]
[Result "0-1"]
[WhiteElo "2405"]
[BlackElo "2420"]

1.e4 c5 2.c3 Nf6 3.e5 Nd5 4.d4 cxd4 5.Nf3 d6 6.exd6 e6 7.Nxd4 Bxd6 8.g3 O-O
9.Bg2 Nc6 10.Nxc6 bxc6 11.O-O Ba6 12.Re1 Bc5 13.Nd2 Bb6 14.Qa4 Bb5 15.Qe4 Nf6
16.Qf3 Bd3 17.Nf1 Qd5 18.b3 Rad8 19.Ba3 Rfe8 20.Rad1 Qa5 21.Rxd3 Rxd3 22.Qxd3 Qxa3
23.Re2 Rc8 24.Bf3 g6 25.Ne3 Nd5 26.Nd1 Rd8 27.Qc2 h5 28.Rd2 Qe7 29.c4 Nb4
30.Rxd8+ Qxd8 31.Qe2 h4 32.Kg2 Qd6 33.a3 Nd3 34.b4 c5 35.b5 Ba5 36.Ne3 Qd4
37.Qc2  0-1

[Event "Cataluna-chT"]
[Site "ESP"]
[Date "1999.??.??"]
[Round "4"]
[White "Jimenez Rando, A."]
[Black "Joanpera Morales, Antonio"]
[Result "1/2-1/2"]
[WhiteElo "2140"]
[BlackElo "2405"]

1.e4 c5 2.c3 Nf6 3.e5 Nd5 4.Nf3 e6 5.c4 Nc7 6.Nc3 d6 7.exd6 Bxd6 8.d4 cxd4
9.Qxd4 O-O 10.Bg5 Be7 11.Qxd8 Bxd8 12.Bf4 f6 13.Bd6 Re8 14.g3 e5 15.Bg2 Be6
16.b3 Nc6 17.O-O Rc8 18.Rad1 Be7 19.Ne4  1/2-1/2

[Event "Cataluna-chT"]
[Site "ESP"]
[Date "1999.??.??"]
[Round "8"]
[White "Jerez Perez, Alfonso"]
[Black "Joanpera Morales, Antonio"]
[Result "1/2-1/2"]
[WhiteElo "2405"]
[BlackElo "2405"]

1.e4 c5 2.c3 Nf6 3.e5 Nd5 4.d4 cxd4 5.Nf3 e6 6.cxd4 d6 7.Bc4 dxe5 8.dxe5 Be7
9.O-O Nc6 10.Qe2 Nb6 11.Bd3 Nd5 12.Nc3 Nxc3 13.bxc3 Qc7 14.Re1 h6 15.Nd4 Nxd4
16.cxd4 Bd7 17.d5 exd5 18.Bb2 O-O 19.Qh5 Be6 20.Re3 Bg5 21.Rg3 f5 22.exf6 Bxf6
23.Qxh6 Bxb2 24.Qxe6+ Qf7 25.Qh3 Qxf2+ 26.Kh1 Bxa1 27.Bh7+ Kf7 28.Qd7+ Kf6
29.Qd6+ Kf7 30.Qd7+ Kf6 31.Rxg7 Ke5 32.Qe7+ Kd4 33.Qb4+ Ke5 34.Qe7+ Kd4 35.Qb4+ Ke5
36.Rg5+  1/2-1/2

[Event "Tres Peons op"]
[Site "ESP"]
[Date "1999.??.??"]
[Round "9"]
[White "Canellas Magide, Lluis"]
[Black "Burgos Garbin, Francesco"]
[Result "1/2-1/2"]
[WhiteElo "2075"]
[BlackElo "2185"]

1.e4 c5 2.c3 Nf6 3.e5 Nd5 4.d4 cxd4 5.Nf3 Nc6 6.Bc4 Nb6 7.Bb3 d5 8.exd6 Qxd6
9.O-O Be6 10.Bxe6 Qxe6 11.Nxd4 Nxd4 12.Qxd4 Rd8 13.Qh4 Qe2 14.Bd2 Rxd2 15.Nxd2 Qxd2
16.Rfd1 Qxb2 17.Qe4 f6 18.Qxb7 Qa3 19.Qc6+ Kf7 20.Rd8 g6 21.Qe8+ Kg7 22.h4 Qxc3
23.Rad1 Qc4 24.h5 Qxa2 25.R1d4 g5 26.Qc6 Qe2 27.Re4 Qxh5 28.Qb7 Qg6 29.Rxe7+ Bxe7
30.Qxe7+ Qf7 31.Qxf7+ Kxf7 32.Rxh8 Kg6 33.Rb8 h5 34.Rb7 Nc4 35.Rxa7 Ne5 36.Ra3  1/2-1/2

[Event "FIN-chT9899"]
[Site "FIN"]
[Date "1999.??.??"]
[Round "6"]
[White "Penttinen, Jarkko"]
[Black "Johansson, Jukka"]
[Result "1-0"]
[WhiteElo "2304"]
[BlackElo "2071"]

1.e4 c5 2.c3 Nf6 3.e5 Nd5 4.d4 cxd4 5.Nf3 Nc6 6.Bc4 Nb6 7.Bb3 d6 8.exd6 Qxd6
9.Na3 a6 10.O-O e6 11.Nxd4 Nxd4 12.cxd4 Bd7 13.Be3 Bc6 14.Rc1 Be7 15.Re1 O-O
16.Qh5 Bf6 17.d5 Nxd5 18.Bc5 Qd8 19.Bxd5 Bxd5 20.Bxf8 Qxf8 21.Nc4 Qb4 22.b3 a5
23.Qe2 g6 24.Ne3 Bc6 25.Qc4 Qa3 26.Rc2 Qe7 27.Ng4 Bg7 28.Qf4 Rd8 29.Rd2 Bc3
30.Rxd8+ Qxd8 31.Rc1 Qd5 32.Qg3 h5 33.Ne3 Qe4 34.Qb8+ Kg7 35.Rxc3 Qb1+ 36.Nf1  1-0

[Event "FIN-chT9899"]
[Site "FIN"]
[Date "1999.??.??"]
[Round "7"]
[White "Penttinen, Jarkko"]
[Black "Niemela, Antti"]
[Result "1-0"]
[WhiteElo "2304"]
[BlackElo "2251"]

1.e4 c5 2.c3 Nf6 3.e5 Nd5 4.d4 cxd4 5.Nf3 Nc6 6.cxd4 d6 7.Bc4 Nb6 8.Bb5 dxe5
9.Nxe5 Bd7 10.Bxc6 Bxc6 11.Nxc6 bxc6 12.O-O g6 13.Re1 Bg7 14.Bg5 Nc8 15.Qf3 O-O
16.Nc3 Rb8 17.b3 Qxd4 18.Rac1 Qb4 19.Qxc6 Qg4 20.Be3 Nb6 21.Nd5 Nxd5 22.Qxd5 Rfd8
23.Qa5 Rd7 24.Rc7 Rbd8 25.h3 Qf5 26.Qxf5 gxf5 27.Rxa7 Bc3 28.Rxd7 Rxd7 29.Rc1 Be5
30.g3 Kg7 31.Kg2 Kf6 32.Rc6+ e6 33.a4 Rb7 34.Rb6 Rc7 35.a5 Ke7 36.a6 Bf6  1-0

[Event "FRA-chT 9899"]
[Site "FRA"]
[Date "1999.??.??"]
[Round "3"]
[White "Beikert, Guenther"]
[Black "Karr, Jean Philipp"]
[Result "1-0"]
[WhiteElo "2440"]
[BlackElo "2347"]

1.e4 c5 2.c3 Nf6 3.e5 Nd5 4.d4 cxd4 5.Nf3 Nc6 6.Bc4 Nb6 7.Bb3 d6 8.exd6 Qxd6
9.O-O Be6 10.Bxe6 Qxe6 11.Nxd4 Qd7 12.Nxc6 Qxc6 13.b3 Rd8 14.Qe2 Rd6 15.c4 Rg6
16.f3 e6 17.Nc3 Bc5+ 18.Be3 O-O 19.Bxc5 Qxc5+ 20.Qf2 Qh5 21.Rad1 Rh6 22.h3 Qg5
23.Ne4 Qg6 24.Kh1 Nc8 25.Rd7 e5 26.Rfd1 Qc6 27.Qg3 Re6 28.Ng5 Ree8 29.Qh4 h6
30.Ne4 f5 31.Nc3 Nb6 32.R7d6 Qc5 33.Qh5 Qe3 34.R6d3 Qc5 35.Qg6 Re7 36.Rd8 Rf7
37.Qe6 Qe7 38.Qxe7 Rxe7 39.Kg1 Rxd8 40.Rxd8+ Kf7 41.c5 Nd7 42.Nd5 Nxc5 43.Nxe7 Kxe7
44.Rg8 Ne6 45.Rb8 Nd8 46.Rc8 Kd7 47.Rc1 Nc6 48.Kf2 Kd6 49.Rd1+ Ke6 50.Ke3 h5
51.g4 hxg4 52.hxg4 g6 53.Rd2 Ke7 54.Rh2 Ke6 55.Rh7 Ne7 56.g5 Kd6 57.a4 Ke6
58.Kd3 Kd6 59.Kc4 Nc6 60.Rg7 Ne7 61.Rf7 Ke6 62.Rf6+ Kd7 63.a5 e4 64.fxe4 fxe4
65.a6 bxa6 66.Rxa6 Nc6 67.Kc5 e3 68.Ra2 Ne5 69.Kd4 e2 70.Rxe2 Nf3+ 71.Kd5 Nxg5
72.Ra2 Kc7 73.Rxa7+ Kb6 74.Rg7 Nf3 75.Rxg6+ Kb5 76.Rg8  1-0

[Event "Open des Vins"]
[Site "FRA"]
[Date "1999.??.??"]
[Round "7"]
[White "Trabert, Bettina"]
[Black "Vajda, Levente"]
[Result "0-1"]
[WhiteElo "2300"]
[BlackElo "2460"]

1.e4 c5 2.c3 Nf6 3.e5 Nd5 4.d4 cxd4 5.Nf3 Nc6 6.Bc4 Nb6 7.Bb3 d5 8.exd6 Qxd6
9.O-O d3 10.Na3 Bf5 11.Nb5 Qd7 12.Nfd4 Nxd4 13.Nxd4 e5 14.Re1 Bd6 15.Nxf5 Qxf5
16.Re3 O-O-O 17.Qxd3 Qxd3 18.Rxd3 Bc5 19.Rxd8+ Rxd8 20.Kf1 f5 21.Bg5 Re8
22.Re1 h6 23.Bf4 Bd6 24.Be3 Kc7 25.f3 Nd7 26.Bc2 Rf8 27.a3 g5 28.c4 a5 29.Rd1 e4
30.fxe4 fxe4+ 31.Kg1 Re8 32.Ba4 Re7 33.Bd2 Bc5+ 34.Kh1 b6 35.Bc3 e3 36.g4 Nf8
37.b4 e2 38.Ra1 Bd4 39.Bxd4 e1=Q+ 40.Rxe1 Rxe1+ 41.Kg2 Ne6 42.Bf2 Nf4+ 43.Kf3 Ra1
44.Ke4 axb4 45.c5 bxc5 46.Bxc5 bxa3  0-1

[Event "NOR-ch op"]
[Site "Gausdal"]
[Date "1999.??.??"]
[Round "6"]
[White "Pedersen, Oyvind"]
[Black "Froehlich, Peter"]
[Result "0-1"]
[WhiteElo "2055"]
[BlackElo "2290"]

1.e4 c5 2.c3 Nf6 3.e5 Nd5 4.d4 cxd4 5.cxd4 Nc6 6.Nf3 g6 7.Bc4 Nb6 8.Bb3 Bg7
9.O-O d5 10.Nc3 O-O 11.Be3 f6 12.exf6 exf6 13.Rc1 Be6 14.Re1 Bf7 15.Re2 Na5
16.Bf4 Nac4 17.Bxc4 dxc4 18.Nb5 Qd7 19.Na3 Nd5 20.Be3 b5 21.Nd2 f5 22.Nf3 f4
23.Bd2 Rfe8 24.Ne5 Qb7 25.b3 c3 26.Bxc3 b4 27.Nxf7 Qxf7 28.Bxb4 Nxb4 29.Nb5 Rxe2
30.Qxe2 Nd5 31.Rc5 Rd8 32.Rc6 Re8 33.Qd2 Qd7 34.Rc5 Bf8 35.Rxd5 Qxd5 36.Nc7 Qxd4  0-1

[Event "Gent op 22nd"]
[Site "Gent"]
[Date "1999.??.??"]
[Round "5"]
[White "Baklan, Vladimir"]
[Black "Van der Stricht, Geert"]
[Result "1-0"]
[WhiteElo "2590"]
[BlackElo "2375"]

1.e4 c5 2.c3 Nf6 3.e5 Nd5 4.Nf3 e6 5.g3 Nc6 6.Bg2 d6 7.exd6 Bxd6 8.O-O O-O
9.d4 cxd4 10.Nxd4 Nxd4 11.Qxd4 Qc7 12.Nd2 Bd7 13.Ne4 Be5 14.Qd3 Bc6 15.f4 Bf6
16.c4 Ne7 17.Nxf6+ gxf6 18.b3 Rfd8 19.Qc3 Bxg2 20.Kxg2 Qc6+ 21.Kh3 Rd5 22.Qf3 Rd7
23.Bb2 Qxf3 24.Rxf3 f5 25.Kg2 Nc6 26.Bf6 Nb4 27.Kf1 h5 28.Ke2 Na6 29.Rff1 Nc5
30.Rfd1 Kf8 31.Rxd7 Nxd7 32.Bd4 Ke7 33.Rd1 Rc8 34.Kd3 f6 35.b4 e5 36.Be3 Ke6
37.a4 Nb6 38.Bxb6 axb6 39.Kc3 h4 40.a5 bxa5 41.bxa5 hxg3 42.hxg3 Rg8 43.Rd3 e4
44.Re3 Kd6 45.Kd4 Kc6 46.Rb3 Rd8+ 47.Ke3 Kc7 48.Rb5 Rd3+ 49.Kf2 Rf3+ 50.Kg2 Rc3
51.Rxf5 Rc2+ 52.Kf1 Rc3 53.g4 Rg3 54.Rxf6 Rxg4 55.Kf2 Rh4 56.Ke3 Rh5 57.a6 bxa6
58.Rxa6  1-0

[Event "Oberliga Ost B9899"]
[Site "GER"]
[Date "1999.??.??"]
[Round "?"]
[White "Jakubiec, Artur"]
[Black "Klee, Mario"]
[Result "1/2-1/2"]
[WhiteElo "2430"]
[BlackElo "2145"]

1.e4 c5 2.c3 Nf6 3.e5 Nd5 4.g3 d6 5.exd6 e6 6.Bg2 Bxd6 7.Nf3 Nc6 8.O-O O-O
9.d4 b6 10.dxc5 Bxc5 11.Nbd2 Bb7 12.Qe2 Qc8 13.Re1 h6 14.Nb3 Be7 15.c4 Nf6
16.Be3 Rd8 17.h3 Nd7 18.Red1 Bf6 19.Rac1 a5 20.Nbd4 Nce5 21.b3 Nxf3+ 22.Bxf3 Ne5
23.Bxb7 Qxb7 24.f4 Rxd4 25.fxe5 Rxd1+ 26.Rxd1 Bxe5 27.Bxh6 Qc7 28.Qe4 Rb8
29.Bf4 Bxf4 30.gxf4 Rd8  1/2-1/2

[Event "Oberliga Ost A9899"]
[Site "GER"]
[Date "1999.??.??"]
[Round "?"]
[White "Voigt, Ulrich"]
[Black "Liebert, Heinz"]
[Result "1-0"]
[WhiteElo "2280"]
[BlackElo "2360"]

1.e4 c5 2.c3 Nf6 3.e5 Nd5 4.d4 cxd4 5.cxd4 d6 6.Nf3 Nc6 7.exd6 Qxd6 8.Nc3 e6
9.Bd3 Be7 10.O-O O-O 11.Bg5 Bxg5 12.Nxg5 Nf6 13.Nce4 Nxe4 14.Bxe4 h6 15.Nf3 Rd8
16.Bxc6 Qxc6 17.Ne5 Qe8 18.Rc1 f6 19.Nc4 Bd7 20.Nd6 Qg6 21.Nxb7 Rdb8 22.Qf3 a5
23.Rc7 Bb5 24.Re1 Ra7 25.h4 f5 26.Rec1 Ba6 27.Nd6 Rxc7 28.Rxc7 Rxb2 29.Qa8+ Kh7
30.Nf7 Rb1+ 31.Kh2 Qf6 32.Qh8+ Kg6 33.Ng5 Kh5 34.Rxg7 Rb8 35.Qxb8 Qxg7 36.Nxe6 Qf6
37.Nf4+ Kxh4 38.Qg8 Qg5 39.g3+ Kg4 40.Qa8  1-0

[Event "NRW-Liga II 9899"]
[Site "GER"]
[Date "1999.??.??"]
[Round "6"]
[White "Rott, Georg"]
[Black "Sukharisingh, Ralf"]
[Result "1-0"]
[WhiteElo "2200"]
[BlackElo "2320"]

1.e4 c5 2.c3 Nf6 3.e5 Nd5 4.d4 cxd4 5.Nf3 e6 6.cxd4 Qc7 7.Bd2 b6 8.Qa4 Bb7
9.Na3 Bc6 10.Qb3 Qb7 11.Be2 Be7 12.O-O O-O 13.Nc4 Na6 14.a3 Nac7 15.Bg5 f6
16.Bh4 Nf4 17.Bd1 Bd5 18.Qc2 Nb5 19.Ne3 Be4 20.Qa4 a6 21.d5 exd5 22.Bb3 Kh8
23.Rfe1 Nd3 24.exf6 Bxf6 25.Bxf6 Rxf6 26.Ng5 Nxb2 27.Qb4 Nd3 28.Qe7 Raf8
29.Ng4 Rf5 30.Nh6 Qb8 31.Rxe4 Rxg5 32.Qxg5 dxe4 33.Nf7+ Rxf7 34.Bxf7 Ne5
35.Bd5 h6 36.Qe7 Nc3 37.Bb3 Ng4 38.g3 d5 39.Qe6 Nf6 40.Re1 Qc7 41.Kg2 Qc5
42.g4 Qxa3 43.g5 Ng8 44.gxh6 Qxb3 45.hxg7+ Kh7 46.Re3  1-0